000 00511pam a2200193 a 4500
020 _c
040 _aMedical College Lib.
041 _aENG
_hENG
082 _a616.462
_bCHA
100 _aChandalia , H. B. .
245 _aEndocrinology Metabolism & Diabetes /
_c
_hTextual Documents
260 _a :
_bThe Research Society G. M. C. ,
_c1996.
300 _a448 ;
_c
365 _a200=00
653 _aMedical Science
930 _a2879
999 _c2878
_d2878